[Event "Sitges Sunway op 8th"]
[Site "Sitges"]
[Date "2021.12.17"]
[Round "5"]
[White "Peist, Juergen"]
[Black "Dhananjay, S."]
[Result "0-1"]
[WhiteElo "2351"]
[BlackElo "2174"]
[PlyCount "60"]
[EventDate "2021.12.13"]
[EventType "swiss"]
[EventRounds "10"]
[EventCountry "ESP"]
[SourceTitle "CBM 205 Extra"]
[Source "ChessBase"]
[SourceDate "2022.01.31"]
[SourceVersion "1"]
[SourceVersionDate "2022.01.31"]
[SourceQuality "1"]

1. d4 d5 2. c4 c6 3. Nc3 Nf6 4. e3 e6 5. Nf3 Nbd7 6. Qc2 Bd6 7. Bd2 0-0 8. 0-0-0 b5 9. cxd5 b4 10. dxe6 bxc3 11. exf7+ Rxf7 12. Bxc3 Nb6 13. Bd3 Nbd5 14. Ng5 Rb7 15. Bxh7+ Kh8 16. Bg6 Nxc3 17. bxc3 Qa5 18. Nf7+ Rxf7 19. Bxf7 Bf5 20. Rd3 Bxd3 21. Qxd3 Rf8 22. Bb3 Nd5 23. Rf1 Nxc3 24. Kb2 Ba3+ 25. Kc2 Nd5 26. Kd1 Rb8 27. f4 Nc3+ 28. Ke1 Nxa2+ 29. Kf2 Nc1 30. Rxc1 Bxc1 0-1

[Event "EU-ch Seniors 50"]
[Site "Budoni"]
[Date "2021.09.29"]
[Round "4"]
[White "Van der Werf, Mark"]
[Black "Peist, Juergen"]
[Result "1/2-1/2"]
[WhiteElo "2393"]
[BlackElo "2314"]
[PlyCount "85"]
[EventDate "2021.09.26"]
[EventType "swiss"]
[EventRounds "9"]
[EventCountry "ITA"]
[SourceTitle "EXT 2023"]
[Source "ChessBase"]
[SourceDate "2022.10.05"]
[SourceVersion "1"]
[SourceVersionDate "2022.10.05"]
[SourceQuality "1"]

1. c4 e6 2. Nc3 d5 3. d4 Nf6 4. cxd5 exd5 5. Bg5 Nbd7 6. e3 c6 7. Bd3 Be7 8. Nge2 Nh5 9. Bxe7 Qxe7 10. g4 Nhf6 11. Ng3 Nb6 12. g5 Ng8 13. h4 g6 14. Qf3 Be6 15. Qf4 h6 16. Qe5 Rh7 17. h5 hxg5 18. hxg6 Rxh1+ 19. Nxh1 f6 20. Qh2 0-0-0 21. Ng3 Nc4 22. 0-0-0 Qb4 23. Bxc4 Qxc4 24. Kc2 a5 25. b3 Qb4 26. Kb2 Qd6 27. Rc1 Kb8 28. Na4 Ka7 29. Nc5 Bc8 30. Qh7 Ne7 31. Qf7 b6 32. Na4 Qe6 33. Qxe6 Bxe6 34. Nh5 Kb7 35. g7 Rg8 36. Nxf6 Rxg7 37. Rh1 Nf5 38. Nc3 Nd6 39. Rh6 Nf5 40. Rh7 Rxh7 41. Nxh7 g4 42. Ne2 Kc7 43. Nf6 1/2-1/2

[Event "NRW Class2 1415"]
[Site "Germany"]
[Date "2014.11.16"]
[Round "3.2"]
[White "Peist, Juergen"]
[Black "Wilde, Pierre"]
[Result "1-0"]
[WhiteElo "2248"]
[BlackElo "2233"]
[PlyCount "93"]
[EventDate "2014.09.14"]
[EventType "team-tourn"]
[EventRounds "9"]
[EventCountry "GER"]
[SourceTitle "EXT 2017"]
[Source "ChessBase"]
[SourceDate "2016.10.25"]
[SourceVersion "1"]
[SourceVersionDate "2016.10.25"]
[SourceQuality "1"]
[WhiteTeam "Herford Koenigsspringer"]
[BlackTeam "Neuenkirchen"]
[WhiteTeamCountry "GER"]
[BlackTeamCountry "GER"]

1. Nf3 e6 2. g3 Nf6 3. Bg2 b6 4. 0-0 Bb7 5. d3 g6 6. e4 d6 7. Nc3 Bg7 8. Nh4 d5 9. e5 Nfd7 10. f4 a6 11. Ne2 Nc6 12. d4 Ne7 13. Be3 c5 14. c3 Rc8 15. f5 exf5 16. Nf4 0-0 17. Nf3 cxd4 18. cxd4 Re8 19. e6 Nf8 20. Ng5 fxe6 21. Ngxe6 Nxe6 22. Nxe6 Qd7 23. Nxg7 Kxg7 24. Qb3 b5 25. Bf4 Rc4 26. Be5+ Kg8 27. Qf3 Rd8 28. g4 Nc6 29. gxf5 Nxe5 30. dxe5 Qxf5 31. Qxf5 gxf5 32. Rxf5 Rg4 33. Kf1 Rc8 34. e6 Rg6 35. Re1 Re8 36. e7 Rg7 37. Rfe5 Rf7+ 38. Kg1 Rg7 39. Kh1 h6 40. h4 Rg4 41. Bf3 Rxh4+ 42. Kg2 Rc4 43. Bh5 d4+ 44. Kg3 Bc6 45. Bxe8 Bxe8 46. Rf1 Kg7 47. Rf8 1-0

[Event "NRW Class2 1213"]
[Site "Germany"]
[Date "2013.01.20"]
[Round "5.2"]
[White "Peist, Juergen"]
[Black "Naundorf, Maik"]
[Result "1-0"]
[WhiteElo "2201"]
[BlackElo "2058"]
[PlyCount "73"]
[EventDate "2012.09.16"]
[EventType "team-tourn"]
[EventRounds "9"]
[EventCountry "GER"]
[SourceTitle "EXT 2017"]
[Source "ChessBase"]
[SourceDate "2016.10.25"]
[SourceVersion "1"]
[SourceVersionDate "2016.10.25"]
[SourceQuality "1"]
[WhiteTeam "Herford"]
[BlackTeam "Iserlohn Koenigsspringer"]
[WhiteTeamCountry "GER"]
[BlackTeamCountry "GER"]

1. Nf3 b6 2. d4 Bb7 3. e3 e6 4. Bd3 c5 5. 0-0 Nf6 6. c4 cxd4 7. exd4 d5 8. cxd5 Nxd5 9. Ne5 a6 10. Qf3 Qc7 11. Be4 Nc6 12. Nxc6 Bxc6 13. Nc3 Rd8 14. Bf4 Qb7 15. Rac1 Be7 16. Be5 Bg5 17. Bxd5 Bxd5 18. Nxd5 Qxd5 19. Qxd5 Rxd5 20. Rc8+ Bd8 21. Bxg7 Rg8 22. Be5 Kd7 23. Rfc1 Rg6 24. Ra8 f6 25. Rcc8 fxe5 26. Rxd8+ Kc6 27. Rac8+ Kb7 28. Rxd5 exd5 29. Rd8 Kc6 30. dxe5 Rg4 31. f3 Rg6 32. Kf2 Kc5 33. f4 Kd4 34. Rd6 Rg4 35. Kf3 Rh4 36. h3 Kc5 37. Kg3 1-0

[Event "NRW Class2 1213"]
[Site "Germany"]
[Date "2012.09.16"]
[Round "1.2"]
[White "Peist, Juergen"]
[Black "Scharnowski, Tobias"]
[Result "1-0"]
[WhiteElo "2201"]
[BlackElo "2011"]
[PlyCount "119"]
[EventDate "2012.09.16"]
[EventType "team-tourn"]
[EventRounds "9"]
[EventCountry "GER"]
[SourceTitle "EXT 2017"]
[Source "ChessBase"]
[SourceDate "2016.10.25"]
[SourceVersion "1"]
[SourceVersionDate "2016.10.25"]
[SourceQuality "1"]
[WhiteTeam "Herford"]
[BlackTeam "Guetersloh"]
[WhiteTeamCountry "GER"]
[BlackTeamCountry "GER"]

1. Nf3 c5 2. c4 Nc6 3. e3 Nf6 4. d4 cxd4 5. exd4 d5 6. cxd5 Nxd5 7. Nc3 e6 8. Bd3 Be7 9. 0-0 0-0 10. Re1 b6 11. Nxd5 exd5 12. Bxh7+ Kxh7 13. Qc2+ Kg8 14. Qxc6 Bf5 15. Bf4 Re8 16. Rac1 Be4 17. Bc7 Qc8 18. Ne5 Bb4 19. Red1 f6 20. f3 fxe5 21. fxe4 exd4 22. Qxd5+ Qe6 23. a3 Qxd5 24. exd5 Be7 25. d6 Bg5 26. Rc2 Re5 27. d7 Rd5 28. Bf4 Bxf4 29. Rc8+ Kh7 30. Rxa8 Rxd7 31. Rd3 Bc1 32. b4 Rf7 33. h4 Rf4 34. g3 Rf7 35. Kg2 Be3 36. Kh3 Kg6 37. Re8 Rc7 38. Kg4 Kf7 39. Re5 Kf6 40. Re8 Kf7 41. Re4 Kg6 42. h5+ Kh7 43. Kf5 Kh6 44. g4 Rf7+ 45. Ke6 Rf6+ 46. Kd5 Kg5 47. Re7 Kxg4 48. Rxg7+ Kf3 49. Re7 Rf8 50. Kc4 Rh8 51. Rxa7 Rxh5 52. a4 Rh8 53. Rd7 Rh2 54. R3xd4 Bxd4 55. Rxd4 Rh6 56. Kb5 Ke3 57. Rd8 Ke4 58. Rb8 Kd5 59. Rxb6 Rh1 60. a5 1-0

[Event "NRW Class2 1112"]
[Site "Germany"]
[Date "2012.03.25"]
[Round "8.3"]
[White "Kotter, Ralf"]
[Black "Peist, Juergen"]
[Result "1-0"]
[WhiteElo "2293"]
[BlackElo "2211"]
[PlyCount "89"]
[EventDate "2011.09.18"]
[EventType "team-tourn"]
[EventRounds "9"]
[EventCountry "GER"]
[SourceTitle "EXT 2015"]
[Source "ChessBase"]
[SourceDate "2014.11.20"]
[SourceVersion "1"]
[SourceVersionDate "2014.11.20"]
[SourceQuality "1"]
[WhiteTeam "Dortmund Hansa II"]
[BlackTeam "Herford"]
[WhiteTeamCountry "GER"]
[BlackTeamCountry "GER"]

1. e4 c5 2. Nf3 e6 3. d4 cxd4 4. Nxd4 Bc5 5. Nb3 Bb6 6. Nc3 Ne7 7. Bf4 d5 8. exd5 exd5 9. Bd3 Nbc6 10. 0-0 0-0 11. Qh5 g6 12. Qf3 Kg7 13. Rad1 Be6 14. Rfe1 Qc8 15. h3 f6 16. Na4 Ne5 17. Qe2 Bc7 18. Qd2 Re8 19. Nd4 Bf7 20. Bb5 Rd8 21. Bh6+ Kh8 22. f4 N5c6 23. Bxc6 Nxc6 24. Nxc6 bxc6 25. Qd4 Rd6 26. Re7 Kg8 27. Rde1 c5 28. Qe3 Rd7 29. Nxc5 Bb6 30. b4 Rxe7 31. Qxe7 Qd8 32. Kh2 Qxe7 33. Rxe7 a5 34. Rb7 Bd8 35. b5 a4 36. Nxa4 Rxa4 37. Rb8 Be8 38. Rxd8 Kf7 39. Rxd5 Rxa2 40. Rc5 Bd7 41. Kg1 Bf5 42. c4 Bd3 43. g4 Rb2 44. Rc7+ Ke6 45. Bf8 1-0

[Event "NRW Class2 0910"]
[Site "Germany"]
[Date "2009.10.25"]
[Round "2.1"]
[White "Komarov, Dimitri"]
[Black "Peist, Juergen"]
[Result "1-0"]
[WhiteElo "2550"]
[BlackElo "2282"]
[PlyCount "55"]
[EventDate "2009.09.20"]
[EventType "team-tourn"]
[EventRounds "9"]
[EventCountry "GER"]
[SourceTitle "EXT 2011"]
[Source "ChessBase"]
[SourceDate "2010.11.26"]
[SourceVersion "1"]
[SourceVersionDate "2010.11.26"]
[SourceQuality "1"]
[WhiteTeam "Aachen Aufwaerts"]
[BlackTeam "Herford"]
[WhiteTeamCountry "GER"]
[BlackTeamCountry "GER"]

1. d4 Nf6 2. Nf3 e6 3. c4 Bb4+ 4. Bd2 c5 5. g3 Qb6 6. Qb3 Nc6 7. dxc5 Qxc5 8. Bg2 d5 9. a3 Bxd2+ 10. Nbxd2 0-0 11. 0-0 Qe7 12. Rac1 h6 13. Rfd1 Rd8 14. cxd5 exd5 15. Qd3 Ne4 16. Nb3 Bf5 17. Nbd4 Bg6 18. Qe3 Qf6 19. Nxc6 bxc6 20. Qd4 Qd6 21. Qe5 Rab8 22. b4 Qd7 23. Qf4 f6 24. Nd4 Rbc8 25. h4 a5 26. Kh2 axb4 27. axb4 Nd6 28. Nxc6 1-0

[Event "NRW Class2 0809"]
[Site "Germany"]
[Date "2009.03.01"]
[Round "7.1"]
[White "Hilverda, Alexander"]
[Black "Peist, Juergen"]
[Result "0-1"]
[WhiteElo "2151"]
[BlackElo "2282"]
[PlyCount "88"]
[EventDate "2008.09.21"]
[EventType "team-tourn"]
[EventRounds "9"]
[EventCountry "GER"]
[SourceTitle "EXT 2010"]
[Source "ChessBase"]
[SourceDate "2010.11.25"]
[SourceVersion "1"]
[SourceVersionDate "2010.11.25"]
[SourceQuality "1"]
[WhiteTeam "Guetersloh"]
[BlackTeam "Herford"]
[WhiteTeamCountry "GER"]
[BlackTeamCountry "GER"]

1. d4 Nf6 2. c4 c5 3. d5 a6 4. Nc3 b5 5. cxb5 axb5 6. Nxb5 e6 7. Nc3 exd5 8. Nxd5 Bb7 9. Nxf6+ Qxf6 10. Nf3 Nc6 11. e4 Qe6 12. Ng5 Qe7 13. Bc4 Ne5 14. Qb3 Bc6 15. 0-0 h6 16. Nh3 Nxc4 17. Qxc4 Ra4 18. Qb3 Rb4 19. Qc3 Rxe4 20. Be3 Qe5 21. Qxe5+ Rxe5 22. Rfe1 Kd8 23. b4 Rf5 24. bxc5 Bxc5 25. Rab1 Bd6 26. Red1 Bc7 27. Bb6 Re8 28. Bxc7+ Kxc7 29. Re1 Rxe1+ 30. Rxe1 Ra5 31. Re2 Bd5 32. f3 Bxa2 33. Nf4 g5 34. Nd3 Be6 35. Kf2 Ra3 36. Nc5 Bc4 37. Rc2 d5 38. Ne4 Kc6 39. Kg3 f5 40. Nf6 Kc5 41. h4 d4 42. hxg5 hxg5 43. Nh7 d3 44. Rb2 Kd4 0-1

[Event "NRW Class2 0708"]
[Site "Germany"]
[Date "2008.04.06"]
[Round "8.1"]
[White "Peist, Juergen"]
[Black "Riedel, Holger"]
[Result "1-0"]
[WhiteElo "2260"]
[BlackElo "2248"]
[PlyCount "71"]
[EventDate "2007.09.16"]
[EventType "team"]
[EventRounds "9"]
[EventCountry "GER"]
[SourceTitle "EXT 2009"]
[Source "ChessBase"]
[SourceDate "2008.11.26"]
[SourceVersion "1"]
[SourceVersionDate "2008.11.26"]
[SourceQuality "1"]
[WhiteTeam "Herford"]
[BlackTeam "Niederkassel"]
[WhiteTeamCountry "GER"]
[BlackTeamCountry "GER"]

1. d4 e6 2. c4 Bb4+ 3. Nc3 c5 4. e3 Nf6 5. Nge2 b6 6. a3 Ba5 7. Rb1 Na6 8. Qa4 Qe7 9. Bd2 0-0 10. Ng3 Bb7 11. f3 h5 12. h4 Rfd8 13. Kf2 Rac8 14. b4 cxb4 15. Nb5 bxa3 16. Bxa5 bxa5 17. Qxa5 d5 18. c5 Nxc5 19. dxc5 Rxc5 20. Qxa3 Rdc8 21. Be2 a6 22. Nd6 Qxd6 23. Rxb7 d4 24. Rd1 Qc6 25. exd4 Rc2 26. Rb2 Nd5 27. Rxc2 Qxc2 28. Qd3 Qb2 29. Rb1 Qa2 30. Qxa6 Qxb1 31. Qxc8+ Kh7 32. Qc4 f5 33. Nxf5 Nf4 34. Ng3 e5 35. Nxh5 Nxe2 36. Qxe2 1-0

[Event "Dortmund op"]
[Site "Dortmund"]
[Date "1989.??.??"]
[Round "8"]
[White "Peist, Juergen"]
[Black "Armas, Jules"]
[Result "1/2-1/2"]
[WhiteElo "2350"]
[BlackElo "2455"]
[PlyCount "71"]
[EventDate "1989.03.??"]
[EventType "swiss"]
[EventRounds "11"]
[EventCountry "GER"]
[SourceTitle "EXT 1997"]
[Source "ChessBase"]
[SourceDate "1996.11.15"]
[SourceVersion "1"]
[SourceVersionDate "1996.11.15"]
[SourceQuality "1"]

1. d4 Nf6 2. Nf3 c5 3. e3 g6 4. Be2 Bg7 5. 0-0 0-0 6. c4 cxd4 7. Nxd4 Nc6 8. Nc3 d6 9. b3 Nxd4 10. exd4 d5 11. c5 Ne4 12. Bb2 Nxc3 13. Bxc3 Qc7 14. Re1 Bf5 15. Rc1 h5 16. Bd3 Bxd3 17. Qxd3 Rfe8 18. b4 e5 19. dxe5 Bxe5 20. Bxe5 Rxe5 21. Rxe5 Qxe5 22. Rd1 Rd8 23. Qd4 f6 24. f4 Qxd4+ 25. Rxd4 Kf7 26. Kf2 Ke6 27. Ke3 g5 28. Rd2 gxf4+ 29. Kxf4 d4 30. Ke4 f5+ 31. Kd3 Kd5 32. Rf2 Ke5 33. Re2+ Kd5 34. Rf2 Ke5 35. Re2+ Kd5 36. Rf2 1/2-1/2

[Event "Bundesliga 8889"]
[Site "Germany"]
[Date "1989.??.??"]
[Round "?.6"]
[White "Peist, Juergen"]
[Black "Weber, Marc"]
[Result "0-1"]
[WhiteElo "2350"]
[BlackElo "2300"]
[PlyCount "122"]
[EventDate "1988.10.??"]
[EventType "team-tourn"]
[EventRounds "15"]
[EventCountry "GER"]
[SourceTitle "GER-chT"]
[Source "ChessBase"]
[SourceDate "1999.07.01"]
[SourceVersion "1"]
[SourceVersionDate "1999.07.01"]
[SourceQuality "1"]
[WhiteTeam "Bielefeld"]
[BlackTeam "Heidelberg"]
[WhiteTeamCountry "GER"]
[BlackTeamCountry "GER"]

1. d4 Nf6 2. Nf3 e6 3. e3 b6 4. Bd3 Bb7 5. Nbd2 c5 6. 0-0 Nc6 7. c3 cxd4 8. exd4 Be7 9. Re1 0-0 10. Nf1 Rc8 11. Bc2 Na5 12. Qd3 Nc4 13. Ng5 g6 14. Qh3 Re8 15. Ng3 Bf8 16. N3e4 h6 17. Nf3 Bxe4 18. Bxe4 Nxe4 19. Rxe4 Qf6 20. Rb1 Qf5 21. Qxf5 exf5 22. Rxe8 Rxe8 23. Kf1 Bg7 24. b3 Nd6 25. Bb2 Ne4 26. Rd1 Rc8 27. Rd3 b5 28. Ne1 a5 29. Nc2 f4 30. g3 fxg3 31. hxg3 f5 32. Ne3 a4 33. Nd5 Ra8 34. Nc7 Rb8 35. Kg2 Rb7 36. Nd5 axb3 37. axb3 Ra7 38. Bc1 Ra2 39. Be3 Rc2 40. Kf1 Kf7 41. Nb6 Rxc3 42. Rxc3 Nxc3 43. Nxd7 Ke6 44. Nb6 g5 45. Nc8 Kd5 46. Ne7+ Ke4 47. f3+ Kxf3 48. Nxf5 Bf8 49. d5 Nxd5 50. Bf2 b4 51. Nd4+ Ke4 52. Ne6 Bd6 53. Ke2 Nc3+ 54. Kf1 Kd3 55. Kg2 Ne4 56. g4 Nd2 57. Bc5 Bxc5 58. Nxc5+ Kc2 59. Kf2 Nxb3 60. Na6 Kc3 61. Ke3 Nd2 0-1